000 01346nam a2200325 c 4500
001 9480
003 ES-MaCES
005 20150929135437.0
008 991004s1999 sp l o000 | spa d
035 _aCES19990014274m
040 _aES-MaCES
_bspa
_cES-MaCES
245 0 0 _aInforme previo IP 4/99
_b: sobre el Proyecto de decreto por el que se regula las ayudas y subvenciones a la inversión inicial y a la creación de empleo ligada a la misma, a las que afectan a las directrices de la Comisión Europea sobre las ayudas de estado de finalidad regional (98/C 74/06) : fecha de aprobación, 5 abril 1999
_cConsejo Económico y Social, Comunidad de Castilla y León
260 _a[Valladolid]
_bCES
_c1999
300 _a12 p.
_c30 cm
541 _cGratuito
650 4 _asubvención
_928117
650 4 _ainversión
_928141
650 4 _adesarrollo regional
_929186
650 4 _aCastilla y León
_930782
650 4 _arégimen jurídico
_929894
650 4 _ainforme preliminar
_928983
653 1 0 _aDesarrollo regional
650 4 _928078
_aayuda estatal
650 4 _929234
_adesarrollo económico y social
650 4 _929242
_acreación de empleos
710 2 _aConsejo Económico y Social (Castilla y León)
_92405
902 _aDOC Literatura gris
942 _2CES
_cBK
_h1.1.
999 _c9480
_d9480